الإنكليزية خطوة بخطوة : (رقم التسجيلة. 130152)

تفاصيل مارك
000 -LEADER
fixed length control field 00643nam a22001817a 4500
005 - DATE AND TIME OF LATEST TRANSACTION
control field 20251108175252.0
008 - FIXED-LENGTH DATA ELEMENTS--GENERAL INFORMATION
fixed length control field 250721s2015 xx 000 0 ara d
082 14 - DEWEY DECIMAL CLASSIFICATION NUMBER
Classification number ط/428/عثم
100 1# - MAIN ENTRY--PERSONAL NAME
Personal name عثمان، احمدفيصل
245 10 - TITLE STATEMENT
Title الإنكليزية خطوة بخطوة :
Remainder of title كيف تتعلم و تتكلم الانكليزية بسهولة /
264 1# - PRODUCTION, PUBLICATION, DISTRIBUTION, MANUFACTURE, AND COPYRIGHT NOTICE
Place of production, publication, distribution, manufacture عمان _ الاردن :
Name of producer, publisher, distributor, manufacturer دار امجد للنشر والتوزيع،
Date of production, publication, distribution, manufacture, or copyright notice 2015.
300 ## - PHYSICAL DESCRIPTION
Extent 144ص.
650 17 - SUBJECT ADDED ENTRY--TOPICAL TERM
Topical term or geographic name as entry element اللغة الانجليزية
650 17 - SUBJECT ADDED ENTRY--TOPICAL TERM
Topical term or geographic name as entry element التعليم
653 ## - INDEX TERM--UNCONTROLLED
Uncontrolled term ناشئون صغار (10-14) سنة
942 ## - ADDED ENTRY ELEMENTS (KOHA)
Source of classification or shelving scheme Dewey Decimal Classification
Koha item type كتب
المقتنيات
حالة السحب حالة الفقدان مصدر التصنيف حالة التلف غير قابل للإعارة المكتبة الرئيسية المكتبة الحالية موقع الرف تاريخ التزويد الرقم المتسلسل Total Checkouts رقم الإستدعاء الباركود تاريخ آخر ظهور تاريخ الفاتورة نوع المادة (كوها)
    Dewey Decimal Classification     المكتبة المركزية المكتبة المركزية الأطفال 28/07/2025 1582606   ط/428/عثم PLD00306600 28/07/2025 28/07/2025 كتب
    Dewey Decimal Classification     مكتبة البشائر للأطفال مكتبة البشائر للأطفال الأطفال 14/09/2014 1582612   ط/428/عثم PLD00306769 28/07/2025 14/09/2014 كتب
    Dewey Decimal Classification     مكتبة قتيبة للأطفال مكتبة قتيبة للأطفال الأطفال 14/09/2014 1582607   ط/428/عثم PLD00306764 28/07/2025 14/09/2014 كتب
    Dewey Decimal Classification     مكتبة أم المؤمنين للأطفال مكتبة أم المؤمنين للأطفال الأطفال 14/09/2014 1582608   ط/428/عثم PLD00306765 28/07/2025 14/09/2014 كتب
    Dewey Decimal Classification     مكتبة الأميرة سلمى مكتبة الأميرة سلمى الأطفال 14/09/2014 1582613   ط/428/عثم PLD00306770 28/07/2025 14/09/2014 كتب
    Dewey Decimal Classification     مكتبة البراءة للأطفال مكتبة البراءة للأطفال الأطفال 14/09/2014 1582610   ط/428/عثم PLD00306767 28/07/2025 14/09/2014 كتب
    Dewey Decimal Classification     مكتبة البيادر مكتبة البيادر الأطفال 14/09/2014 1582615   ط/428/عثم PLD00306772 28/07/2025 14/09/2014 كتب
    Dewey Decimal Classification     مكتبة حمزة العامة مكتبة حمزة العامة الأطفال 13/05/2018 1668996   ط/428/عثم PLD00420774 28/07/2025 13/05/2018 كتب
Implemented & Customized by: BBB with SCIT (Smart Chains for Information Technology)

Powered by Koha